[Event "Davos Challenge op"]
[Site "Davos"]
[Date "2022.06.05"]
[Round "4"]
[White "Lipinsky, Markus"]
[Black "Schubert, Mario"]
[Result "1-0"]
[WhiteElo "2027"]
[BlackElo "1893"]
[PlyCount "89"]
[EventDate "2022.06.03"]
[EventType "swiss"]
[EventRounds "7"]
[EventCountry "SUI"]
[SourceTitle "EXT 2023"]
[Source "ChessBase"]
[SourceDate "2022.10.05"]
[SourceVersion "1"]
[SourceVersionDate "2022.10.05"]
[SourceQuality "1"]

1. d4 Nf6 2. c4 c5 3. d5 d6 4. Nc3 Qa5 5. Qc2 Na6 6. e4 g6 7. a3 Bd7 8. Rb1 Bg7 9. Bd3 0-0 10. Nge2 Ng4 11. Ng3 Rab8 12. 0-0 e6 13. Bd2 Qd8 14. h3 Ne5 15. Be2 exd5 16. Nxd5 Nc6 17. Qc1 Nd4 18. Bg5 f6 19. Bh6 b5 20. Bd3 b4 21. Bxg7 Kxg7 22. Ne2 Nc6 23. Qe3 f5 24. exf5 Bxf5 25. Bxf5 Rxf5 26. Nef4 Qd7 27. Ne6+ Kg8 28. g4 Rf7 29. f4 Re8 30. f5 Ne5 31. Qh6 Rxe6 32. fxe6 Qxe6 33. Rxf7 Nxf7 34. Qe3 Qxe3+ 35. Nxe3 Ne5 36. Rd1 Nf3+ 37. Kf2 Nd4 38. Nd5 b3 39. Re1 Nc6 40. Re6 Ne5 41. Rxd6 Nxc4 42. Rxa6 Nxb2 43. Rxa7 Nd1+ 44. Ke2 b2 45. Rb7 1-0

[Event "Niederrhein-ch"]
[Site "Kamp Lintfort"]
[Date "2017.04.10"]
[Round "3"]
[White "Schubert, Mario"]
[Black "Komans, Dieter"]
[Result "0-1"]
[WhiteElo "1901"]
[BlackElo "2039"]
[PlyCount "78"]
[EventDate "2017.04.08"]
[EventType "swiss"]
[EventRounds "7"]
[EventCountry "GER"]
[SourceTitle "EXT 2022"]
[Source "ChessBase"]
[SourceDate "2021.10.06"]
[SourceVersion "1"]
[SourceVersionDate "2021.10.06"]
[SourceQuality "1"]

1. e4 e5 2. Nf3 Nc6 3. Bc4 Bc5 4. c3 Qe7 5. 0-0 d6 6. d4 Bb6 7. h3 Nf6 8. d5 Nb8 9. Qe2 g5 10. Bxg5 Rg8 11. Kh1 a6 12. Na3 Nbd7 13. b4 Nf8 14. Nc2 Qd7 15. Rg1 Rxg5 16. Nxg5 Ng6 17. Qf3 Qe7 18. Ne3 h6 19. Nxf7 Qxf7 20. Bd3 Nf4 21. Bf1 h5 22. c4 Bg4 23. Nxg4 hxg4 24. Qg3 Nxe4 25. Qh4 Nxf2+ 26. Kh2 Ng6 27. Qg3 Ne4 28. Qxg4 Bxg1+ 29. Kxg1 Nf4 30. g3 Nxh3+ 31. Kh2 Nhg5 32. Bg2 Ke7 33. Rf1 Rh8+ 34. Kg1 Qh7 35. Rf5 Qh2+ 36. Kf1 Nxg3+ 37. Ke1 Qg1+ 38. Bf1 Qe3+ 39. Kd1 Nxf5 0-1

[Event "Goch op 27th"]
[Site "Goch"]
[Date "2016.09.03"]
[Round "4"]
[White "Eveleens, Wim"]
[Black "Schubert, Mario"]
[Result "1-0"]
[WhiteElo "2060"]
[BlackElo "1915"]
[PlyCount "77"]
[EventDate "2016.09.01"]
[EventType "swiss"]
[EventRounds "7"]
[EventCountry "GER"]
[SourceTitle "EXT 2018"]
[Source "ChessBase"]
[SourceDate "2017.10.13"]
[SourceVersion "1"]
[SourceVersionDate "2017.10.13"]
[SourceQuality "1"]

1. c4 c5 2. g3 g6 3. Nc3 Nc6 4. Bg2 Bg7 5. e4 d6 6. Nge2 Bd7 7. d3 Nf6 8. h3 a6 9. Be3 Rb8 10. a4 0-0 11. d4 cxd4 12. Nxd4 Ne8 13. Nde2 Ne5 14. b3 Qa5 15. Qd2 b5 16. cxb5 axb5 17. f4 b4 18. Bd4 bxc3 19. Bxc3 Nf3+ 20. Bxf3 Bxc3 21. Qxc3 Qxc3+ 22. Nxc3 Rxb3 23. Kd2 Nc7 24. Rhb1 Rfb8 25. Rxb3 Rxb3 26. Kc2 Rb4 27. Bg2 Bc6 28. Bh1 Kf8 29. f5 Na6 30. a5 Ke8 31. fxg6 hxg6 32. h4 Kd7 33. g4 Ke6 34. h5 gxh5 35. gxh5 Nc5 36. a6 Ke5 37. a7 Ba8 38. h6 Nxe4 39. Bxe4 1-0

[Event "Goch op 27th"]
[Site "Goch"]
[Date "2016.09.03"]
[Round "5"]
[White "Schubert, Mario"]
[Black "Metz, Berthold"]
[Result "1-0"]
[WhiteElo "1915"]
[BlackElo "1754"]
[PlyCount "91"]
[EventDate "2016.09.01"]
[EventType "swiss"]
[EventRounds "7"]
[EventCountry "GER"]
[SourceTitle "EXT 2018"]
[Source "ChessBase"]
[SourceDate "2017.10.13"]
[SourceVersion "1"]
[SourceVersionDate "2017.10.13"]
[SourceQuality "1"]

1. e4 c6 2. d4 d5 3. Nc3 dxe4 4. Nxe4 Nf6 5. Ng3 h5 6. h4 Bg4 7. Be2 e6 8. Nf3 Bd6 9. Ne5 Bxe5 10. dxe5 Qa5+ 11. c3 Qxe5 12. Be3 Qd5 13. Qxd5 Nxd5 14. Bd4 Bxe2 15. Kxe2 Nf6 16. Rad1 Nbd7 17. f3 Ke7 18. Kf2 g6 19. Rhe1 Rhd8 20. c4 b5 21. c5 Ne8 22. f4 f5 23. a4 Nc7 24. Re2 Nf6 25. Bxf6+ Kxf6 26. Rd6 Rxd6 27. cxd6 Nd5 28. Rc2 Nb4 29. Rd2 bxa4 30. Ne2 Rd8 31. Nc3 Nd5 32. Nxa4 Nxf4 33. d7 Nd5 34. Nc5 a5 35. Rd1 Nb6 36. Rd6 Nxd7 37. Rxd7 Rxd7 38. Nxd7+ Ke7 39. Ne5 Kf6 40. Nxc6 a4 41. Nb4 Ke5 42. Ke3 f4+ 43. Kf3 Kf5 44. Nd3 e5 45. Nc5 e4+ 46. Nxe4 1-0